000 00505nam a2200181Ia 4500
003 IN-BaIIA
008 211028s9999 xx 000 0 eng d
040 _cIIA Library
080 _a[8]:01:00
_bRUT
245 0 _aRutherford at Manchester
_cedited by J. B. Birks
260 _aLondon
_bHeywood
_c1962
300 _ax, 364p.
650 _aBiography-Ernest Rutherford
_94100
650 _aErnest Rutherford biography
_94101
650 _aNASA Thesaurus
700 _aBirks, J. B., ed.
_94102
942 _cBK
999 _c2290
_d2290